000
00343nam a2200133Ia 4500
008
100328s9999 xx 000 0 und d
082
_b
55750
100
_a
पठाण यू.म.
245
_a
नंदादीप
260
_b
योगिता
630
_a
नंदादीप
730
_a
नंदादीप
942
_c
BOOK
999
_c
542380
_d
542377